000 00679nam a22001577a 4500
008 160601b xxu||||| |||| 00| 0 eng d
082 _22014
_aUT 0506
_bG93
100 _99743
_aGuerero, Kim Leony B.
245 _aEmployability skills and components of work performance among business administration practicumers in UM Digos College (2013-2014)/
_cKim Leony B. Guerero, Lanie Jane M. Galia and Ronnie N. Lim Jr.
260 _aDigos City:
_bUMDC
_cApril 2014.
300 _a57 pages;
_c30 cm.
650 0 _99742
_aBusiness Administration
_vFinancial Management
_xUndergraduate thesis.
700 _99740
_aGalia, Lanie Jane M.
700 _99741
_aLim, Ronnie N.
_bJr.
942 _2ddc
_cUT
999 _c2928
_d2928